Defending Women's Rights in Europe (Record no. 92777)

MARC details
000 -LEADER
fixed length control field 02380nam a2200253Ii 4500
008 - FIXED-LENGTH DATA ELEMENTS--GENERAL INFORMATION
fixed length control field 221202s xx 000 0 und d
100 1# - MAIN ENTRY--PERSONAL NAME
Personal name Avdeyeva, Olga A,
Relator term author
245 #0 - TITLE STATEMENT
Title Defending Women's Rights in Europe
246 ## - VARYING FORM OF TITLE
Title proper/short title Gender Equality and EU Enlargement
264 ## - PRODUCTION, PUBLICATION, DISTRIBUTION, MANUFACTURE, AND COPYRIGHT NOTICE
Name of producer, publisher, distributor, manufacturer State University of New York Press
Date of production, publication, distribution, manufacture, or copyright notice 2015
300 ## - PHYSICAL DESCRIPTION
Extent 1 online resource (286 pages)
336 ## - CONTENT TYPE
Content type term text
Content type code txt
Source rdacontent
337 ## - MEDIA TYPE
Media type term computer
Media type code c
Source rdamedia
338 ## - CARRIER TYPE
Carrier type term online resource
Carrier type code cr
Source rdacarrier
490 ## - SERIES STATEMENT
Series statement SUNY Press Open Access
520 ## - SUMMARY, ETC.
Summary, etc. Comparative analysis of gender equality reforms enacted in ten post-communist states who became members of the European Union.Between 2004 and 2007, ten post-communist Eastern European states became members of the European Union (EU). To do so, these nations had to meet certain EU accession requirements, including antidiscrimination reforms. While attaining EU membership was an incredible achievement, many scholars and experts doubted the sustainability of accession-linked reforms. Would these nations comply with EU directives on gender equality? To explore this question, Defending Women's Rights in Europe presents a unique analysis of detailed original comparative data on state compliance with EU gender equality requirements. It features a comprehensive quantitative analysis combined with rigorous insightful case studies of reforms in Poland, the Czech Republic, and Lithuania. Olga A. Avdeyeva reveals that policy and institutional reforms developed furthest in those states where women's advocacy NGOs managed to form coalitions with governing political parties. After becoming members of the EU, the governments did not abolish these policies and institutions despite the costs and lack of popular support. Reputational concerns prevented state elites from policy dismantling, but gender equality policies and institutions became marginalized on the state agenda after accession.Olga A. Avdeyeva is Associate Professor of Political Science at Loyola University Chicago.
653 ## - INDEX TERM--UNCONTROLLED
Uncontrolled term Agriculture
653 ## - INDEX TERM--UNCONTROLLED
Uncontrolled term Political Science
653 ## - INDEX TERM--UNCONTROLLED
Uncontrolled term Public Policy
653 ## - INDEX TERM--UNCONTROLLED
Uncontrolled term Social Policy
653 ## - INDEX TERM--UNCONTROLLED
Uncontrolled term Technology & Engineering
856 ## - ELECTRONIC LOCATION AND ACCESS
Uniform Resource Identifier <a href="https://docs.google.com/spreadsheets/d/1yKIrdCPDAG_9c22mwoOIO2DOhtj65Wqa/edit?usp=sharing&ouid=106555315294820607512&rtpof=true&sd=true ">https://docs.google.com/spreadsheets/d/1yKIrdCPDAG_9c22mwoOIO2DOhtj65Wqa/edit?usp=sharing&ouid=106555315294820607512&rtpof=true&sd=true </a>
Link text List of Curated E-Books
942 ## - ADDED ENTRY ELEMENTS (KOHA)
Koha item type E-Book

No items available.

University of Rizal System
Email us at univlibservices@urs.edu.ph

Visit our Website www.urs.edu.ph/library